Datum a čas kvízu
23.5
Celkem bodů
Celkový počet nahraných bodů na tomto kvízu bez doplňovacích otázek.
6.
Pořadí na kvízu
Konečné umístění týmu na tomto kvízu.
Zaznamenané odpovědi
| # | Otázka | Odpověď | Body | Výsledky |
|---|---|---|---|---|
| 1. | Jaroslav Němec z Bystrého na S... | hlemýždi (šneci) | 1 | |
| 2. | Tento ruský opoziční politik v... | Boris Naděždin | 1 | |
| 3. | Ve čtvrtek byl na Netflixu ods... | narkobaronka (šéfka kokainové mafie) | 0 | |
| 4. | Firma Apple se minulý týden po... | umožní instalovat aplikace i z jiných zdrojů než AppStore | 0 | |
| 5. | Který Evropan nasázel minulý t... | Luka Dončić | 0 | |
| 6. | Nejvíce dvojčat na světě se ro... | Nigérie | 0 | |
| 7. | Dvojčata si mohou v dětském vě... | kryptofázie | 0 | |
| 8. | Jako dvojčata byly označovány... | Ground Zero | 0 | |
| 9. | Jak se jmenuje herec, jehož dv... | Kiefer Sutherland | 0 | |
| 10. | Na závěr tématu se podíváme na... | paterčata | 1 |